Mots par définition #9 - Voies de circulation - Statistiques

Statistiques générales
  • Ce quiz a été pris 141 fois
  • Le résultat moyen est 11 sur 16
Statistiques - réponses
Genre Définition Voie de circulation % Correct
Nom Féminin Voie de circulation routière aménagée à l'intérieur d'une agglomération, habituellement bordée de maisons, d'immeubles, de propriétés closes. Rue
91%
Nom Masculin Galerie souterraine pratiquée pour donner passage à une voie de communication. Tunnel
89%
Nom Féminin Voie exclusivement réservée à la circulation des véhicules automobiles, ne comportant qu'un nombre limité d'accès, établis de façon à éviter tout cisaillement et ne présentant aucun croisement à niveau. Autoroute
87%
Nom Masculin Voie de terre, route établie pour mener d'un lieu à un autre. Chemin
84%
Nom Féminin Petite rue étroite. Ruelle
82%
Nom Masculin Ouvrage par lequel une voie de circulation, un aqueduc, une conduite franchit un cours d'eau, un bras de mer, une dépression ou une voie de circulation. Pont
80%
Nom Féminin Large voie urbaine, généralement rectiligne et plantée d'arbres, conduisant à une habitation, un bâtiment officiel, un lieu public. Avenue
78%
Nom Féminin Voie de communication terrestre carrossable établie en dehors des agglomérations. Route
74%
Nom Féminin Rue, route dans le langage administratif. Voie
74%
Nom Masculin Large voie de communication urbaine plantée d'arbres. Boulevard
73%
Nom Masculin Chemin étroit dans la nature, qui ne laisse passage qu'aux piétons. Sentier
73%
Nom Féminin Rue sans issue ; cul-de-sac. Impasse
71%
Nom Féminin Chemin assez large, bordé d'arbres, de verdure, qui sert de lieu de promenade ou de voie d'accès dans un jardin, un parc, un bois, etc. Allée
47%
Nom Féminin Voie, chemin en pente qui conduit à un lieu élevé. Montée
40%
Nom Féminin Trace que laissent de leur passage les animaux sauvages. Piste
21%
Nom Masculin Dénomination de certaines avenues longues et larges, servant de promenade. Cours
7%
Aucun quiz correspondant
Distribution des résultats
% des personnes avec chaque résultat
Percentile par nombre de réponses
Votre historique - résultats
Vous n’avez pas pris ce quiz